1902 1141 1997 1969 1411 1479 1013 1061 1339 1091 1925 1582 1648 1988 1060 1740 1398 1965 1531 1022 1675 1082 1368 1404 1075 1454 1877 1609 1407 1934 1489 1430 1555 1282 1327 1026 1807 1690 1251 1882 1590 1327 1372 1991 1534 1247 1598 1911 1072 1237 1498 1402 1372 1478 1185 1952 1696 1241 1215 1847 1156 1772 1771 1907 1875 1242 1407 1676 1736 1404 1514 1696 1634 1277 1170 1597 1217 1081 1050 1831 1130 1297 1718 1318 1128 1374 1077 1853 1008 1560 1253 1505 1526 1458 1574 1502 1362 1242 1774 BCNSPRNW ULIB Ver.6.0+V

เปลี่ยนเป็นภาษาไทย

Change to English
 แสดงรายละเอียดบรรณานุกรม
  กลับหน้าหลัก

Brief Record : Get Marc (ISO 2709) : E-mail record : QR code < ปิดหน้าต่าง
LEADER : 00000nam 2200000uu 4500
001    13399121371
003     ULIB
008    121022s2555||||th 000 0 tha d
099    วจ.QU55^bน196ผ
100 0  นภา ทองกิจ และคนอื่นๆ
245 00 ผลการให้บริการวิชาการความรู้เรื่องยา ของนักเรียนมัธยมศึกษาตอนต้น โรงเรียนหนองพระพิทยา อำเภอวังทอง จังหวัดพิษณุโลก/^cนภา ทองกิจ และคนอื่นๆ
260    พิษณุโลก:^bวิทยาลัยการสาธารณสุขสิรินธร จังหวัดพิษณุโลก,^c2555
300    35 หน้า,ภาคผนวก
650  7 ยา^xวิจัย
945    ^p0^l0^i033098
995    ทศพร
999    ^aใช้งานได้ทุกระบบ
รายการนี้ยังไม่มีแท็ก
คุณยังไม่ได้ล็อกอิน คุณสามารถมีกิจกรรมร่วมกับเว็บไซต์ได้ แต่ต้องล็อกอินก่อน ::
  ล็อกอิน

รายการสื่อสารสนเทศ

ลำดับที่ ประเภท เลขเรียก/บาร์โค้ด สถานที่ สถานะ
1. งานวิจัย
งานวิจัย
วจ.QU55 น196ผ ฉ.1 
  Barcode: 033098
ห้องสมุดวิทยาเขตสวรรค์ประชารักษ์
►วิจัย
บนชั้น

รายการใกล้เคียง
    ผู้แต่ง [นภา ทองกิจ และคนอื่นๆ]

BibComment


ยังไม่เคยถูกคอมเมนท์

คอมเมนท์ทรัพยากรรายการนี้
  คอมเมนท์: ผลการให้บริการวิช..


 Copyright 2026. Bcnsprnw @Library